000 00376nam a2200133Ia 4500
008 100122s9999 xx 000 0 und d
082 _b37387
_a173
100 _aआपटे ना ह
245 _aगृहसौख्य
260 _bआपटे आणि मंडळी
630 _aगृहसौख्य
730 _aगृहसौख्य
942 _cBOOK
999 _c419846
_d419843